Los grandes discursos de los máximos oradores ingleses modernos (Record no. 150711)

MARC details
000 -LEADER
campo de control de longitud fija 00930nam a2200229 i 4500
001 - NÚMERO DE CONTROL
campo de control 150711
003 - IDENTIFICADOR DE NÚMERO DE CONTROL
campo de control ES-MaACL
005 - FECHA Y HORA DE LA ÚLTIMA TRANSACCIÓN
campo de control 20250815062640.0
007 - CAMPO FIJO DE DESCRIPCIÓN FÍSICA--INFORMACIÓN GENERAL
campo de control de longitud fija t|
008 - DATOS DE LONGITUD FIJA--INFORMACIÓN GENERAL
campo de control de longitud fija 071106q1900 sp |||| | spa d
245 04 - MENCIÓN DEL TÍTULO
Título Los grandes discursos de los máximos oradores ingleses modernos
Resto del título : Sullivan, Cockburn, Sheil, Cobden ... /
Mención de responsabilidad, etc. traducción por Baldomero Argente.
260 ## - PUBLICACIÓN, DISTRIBUCIÓN, ETC.
Lugar de publicación, distribución, etc. Madrid :
Nombre del editor, distribuidor, etc. La España Moderna,
Fecha de publicación, distribución, etc. [ca. 1900] (
Fabricante Idamor Moreno)
300 ## - DESCRIPCIÓN FÍSICA
Extensión 414 p. ;
Dimensiones 23 cm.
490 1# - MENCIÓN DE SERIE
Mención de serie Biblioteca de jurisprudencia, filosofía e historia
500 ## - NOTA GENERAL
Nota general La obra se fecha a finales del s. XIX, en p. 80 se fecha el discurso más moderno en 1888.
650 04 - PUNTO DE ACCESO ADICIONAL DE MATERIA--TÉRMINO DE MATERIA
Término de materia o nombre geográfico como elemento de entrada Oratoria política.
9 (RLIN) 15734
650 #4 - PUNTO DE ACCESO ADICIONAL DE MATERIA--TÉRMINO DE MATERIA
Término de materia o nombre geográfico como elemento de entrada Políticos-
Subdivisión general Gran Bretaña.
9 (RLIN) 136751
700 1# - ENTRADA AGREGADA--NOMBRE PERSONAL
Nombre de persona Argente, Baldomero,
Fechas asociadas al nombre 1877-1965
9 (RLIN) 22691
830 00 - PUNTO DE ACCESO ADICIONAL DE SERIE-TÍTULO UNIFORME
Título uniforme Biblioteca de jurisprudencia, filosofía e historia
9 (RLIN) 180691
852 ## - LOCALIZACIÓN
Ubicación ES-MaACL
Número de control de estantería F-14824
Holdings
Estatus retirado Estado de pérdida Estado de daño No para préstamo Colección Biblioteca de origen Biblioteca actual Ubicación en estantería Fecha de adquisición Fuente de adquisición Total de préstamos Signatura topográfica completa Código de barras Visto por última vez Precio de reemplazo Tipo de ítem Koha
        Libros del s. XIX Biblioteca del Ateneo de Madrid Biblioteca del Ateneo de Madrid Sala Pecera Planta 2 17/01/2008     F-14824 1157260 23/02/2023 23/02/2023 Libro impreso antiguo